[Event "Oberliga NRW 1314"]
[Site "Germany"]
[Date "2014.01.12"]
[Round "5.2"]
[White "Schoorl, Rob"]
[Black "Korotkjevich, Stanislav"]
[Result "0-1"]
[WhiteElo "2322"]
[BlackElo "2354"]
[PlyCount "52"]
[EventDate "2013.09.15"]
[EventType "team-tourn"]
[EventRounds "9"]
[EventCountry "GER"]
[SourceTitle "EXT 2015"]
[Source "ChessBase"]
[SourceDate "2014.11.20"]
[SourceVersion "1"]
[SourceVersionDate "2014.11.20"]
[SourceQuality "1"]
[WhiteTeam "Wattenscheid II"]
[BlackTeam "Koeln Porz II"]
[WhiteTeamCountry "GER"]
[BlackTeamCountry "GER"]

1. e4 c6 2. c4 d6 3. Nc3 Nf6 4. Nge2 e5 5. g3 Be6 6. d3 d5 7. exd5 cxd5 8. Bg2 Nc6 9. d4 exd4 10. Nxd4 Nxd4 11. Qxd4 dxc4 12. Qxd8+ Rxd8 13. Bxb7 Bc5 14. Bc6+ Ke7 15. Bg5 h6 16. Bxf6+ gxf6 17. Ke2 Rb8 18. Rab1 Rhd8 19. Be4 f5 20. Bc2 Bxf2 21. Rhf1 Bd4 22. Nd1 Rb5 23. Rf3 Bb6 24. Ne3 Re5 25. Rd1 Rxd1 26. Bxd1 Bd5 0-1

[Event "Oberliga NRW 1314"]
[Site "Germany"]
[Date "2013.10.06"]
[Round "2.2"]
[White "Korotkjevich, Stanislav"]
[Black "Wegerle, Joerg"]
[Result "1/2-1/2"]
[WhiteElo "2354"]
[BlackElo "2407"]
[PlyCount "81"]
[EventDate "2013.09.15"]
[EventType "team-tourn"]
[EventRounds "9"]
[EventCountry "GER"]
[SourceTitle "EXT 2015"]
[Source "ChessBase"]
[SourceDate "2014.11.20"]
[SourceVersion "1"]
[SourceVersionDate "2014.11.20"]
[SourceQuality "1"]
[WhiteTeam "Koeln Porz II"]
[BlackTeam "Solingen II"]
[WhiteTeamCountry "GER"]
[BlackTeamCountry "GER"]

1. Nf3 Nf6 2. c4 e6 3. Nc3 Bb4 4. Qc2 b6 5. a3 Bxc3 6. Qxc3 Bb7 7. d3 d6 8. g3 0-0 9. Bg2 c5 10. 0-0 Qe7 11. b4 Nbd7 12. Rb1 Rfd8 13. e4 Qf8 14. Nh4 Rac8 15. b5 d5 16. Re1 dxe4 17. dxe4 Ne8 18. Bb2 Qe7 19. f4 Rc7 20. Nf3 f6 21. Rbd1 Nf8 22. e5 f5 23. Rxd8 Qxd8 24. Re2 Rd7 25. Rd2 Rxd2 26. Qxd2 Qxd2 27. Nxd2 Bxg2 28. Kxg2 Nc7 29. a4 Nd7 30. Bc3 a6 31. Kf3 Kf7 32. h3 h6 33. Nb3 axb5 34. cxb5 Nd5 35. Be1 c4 36. Nd2 Nc5 37. Nxc4 Nxa4 38. Bf2 Nac3 39. Nd6+ Kf8 40. Bd4 g6 41. Bxc3 1/2-1/2

[Event "Neckar op-A 17th"]
[Site "Deizisau"]
[Date "2013.03.31"]
[Round "6"]
[White "Korotkjevich, Stanislav"]
[Black "Anton Guijarro, David"]
[Result "1-0"]
[WhiteElo "2389"]
[BlackElo "2546"]
[PlyCount "119"]
[EventDate "2013.03.28"]
[EventType "swiss"]
[EventRounds "9"]
[EventCountry "GER"]
[SourceTitle "CBM 153 Extra"]
[Source "ChessBase"]
[SourceDate "2013.04.22"]
[SourceVersion "1"]
[SourceVersionDate "2013.04.22"]
[SourceQuality "1"]

1. d4 Nf6 2. Nf3 c5 3. e3 d5 4. c4 cxd4 5. exd4 g6 6. Nc3 Bg7 7. cxd5 Nxd5 8. Bc4 Nb6 9. Bb3 0-0 10. 0-0 Nc6 11. Be3 Na5 12. Bc2 Nac4 13. b3 Nxe3 14. fxe3 Nd5 15. Nxd5 Qxd5 16. Bd3 Qa5 17. Bc4 Bd7 18. Qe2 Rac8 19. Rf2 e6 20. Raf1 Bc6 21. h3 Be4 22. Ne1 Bd5 23. Bxd5 Qxd5 24. Nf3 Rc7 25. e4 Qh5 26. e5 Rfc8 27. Qe4 Bh6 28. Nh2 Qg5 29. Ng4 Bg7 30. Rxf7 Rxf7 31. Rxf7 Rc1+ 32. Rf1 Qd2 33. Rxc1 Qxc1+ 34. Kh2 Qd2 35. a4 Qb4 36. Qd3 h5 37. Nf2 Qe1 38. Ne4 Bh6 39. Ng5 Kg7 40. Nxe6+ Kf7 41. Qc4 Be3 42. Ng5+ Kg7 43. Qf7+ Kh6 44. Nf3 Qc1 45. Kg3 g5 46. Qf6+ Kh7 47. Qf5+ Kh6 48. Qd3 Bf4+ 49. Kf2 g4 50. hxg4 hxg4 51. Ne1 Kg7 52. g3 Bg5 53. Qe2 Kh6 54. e6 Qc6 55. Qxg4 Qc3 56. Qe4 Qd2+ 57. Kf3 Qh2 58. Ng2 Qg1 59. Qd3 Bf6 60. Qe3+ 1-0

[Event "Neckar op-A 17th"]
[Site "Deizisau"]
[Date "2013.03.29"]
[Round "3"]
[White "Gajewski, Grzegorz"]
[Black "Korotkjevich, Stanislav"]
[Result "1/2-1/2"]
[WhiteElo "2650"]
[BlackElo "2389"]
[PlyCount "115"]
[EventDate "2013.03.28"]
[EventType "swiss"]
[EventRounds "9"]
[EventCountry "GER"]
[SourceTitle "CBM 153 Extra"]
[Source "ChessBase"]
[SourceDate "2013.04.22"]
[SourceVersion "1"]
[SourceVersionDate "2013.04.22"]
[SourceQuality "1"]

1. d4 d6 2. Nf3 g6 3. c4 Bg7 4. e4 Nf6 5. Nc3 0-0 6. Be2 Nbd7 7. 0-0 e5 8. Re1 Re8 9. Bf1 a6 10. d5 a5 11. Bg5 h6 12. Bh4 Bf8 13. a3 Be7 14. b4 Rf8 15. h3 Ne8 16. Bg3 f5 17. exf5 gxf5 18. Qc2 Ng7 19. Rad1 b6 20. Qc1 Kh7 21. Bd3 axb4 22. axb4 Nf6 23. Bb1 Ng8 24. c5 bxc5 25. bxc5 Bf6 26. Nd2 Bg5 27. Qc2 Ba6 28. Nf3 Ne7 29. Bh4 Ng6 30. Bxg5 hxg5 31. g3 e4 32. Nd4 Qf6 33. Ne6 Nxe6 34. dxe6 Bd3 35. Nd5 Bxc2 36. Nxf6+ Rxf6 37. Bxc2 Rxe6 38. g4 fxg4 39. Rxe4 Rxe4 40. Bxe4 Ra4 41. Bf5 Ra5 42. cxd6 cxd6 43. hxg4 Ra6 44. Rd5 Kh6 45. Rb5 Kg7 46. Be4 Ne5 47. Kg2 Ra4 48. f3 Ra2+ 49. Kg3 Rd2 50. Rb7+ Kf6 51. Rh7 Nf7 52. Bf5 Ra2 53. Bd3 Rd2 54. Be4 d5 55. Bf5 d4 56. Rh1 Re2 57. Rd1 Nd6 58. Rxd4 1/2-1/2

[Event "Oberliga NRW 1213"]
[Site "Germany"]
[Date "2012.09.16"]
[Round "1.2"]
[White "Korotkjevich, Stanislav"]
[Black "Wengenroth, Walter"]
[Result "1-0"]
[WhiteElo "2352"]
[BlackElo "2233"]
[PlyCount "145"]
[EventDate "2012.09.16"]
[EventType "team-tourn"]
[EventRounds "9"]
[EventCountry "GER"]
[SourceTitle "EXT 2017"]
[Source "ChessBase"]
[SourceDate "2016.10.25"]
[SourceVersion "1"]
[SourceVersionDate "2016.10.25"]
[SourceQuality "1"]
[WhiteTeam "Koeln Porz II"]
[BlackTeam "Duisburg PSV"]
[WhiteTeamCountry "GER"]
[BlackTeamCountry "GER"]

1. d4 Nf6 2. c4 e6 3. Nf3 b6 4. a3 Bb7 5. Nc3 d5 6. cxd5 Nxd5 7. Qc2 Nxc3 8. bxc3 Be7 9. e4 0-0 10. Bd3 c5 11. 0-0 Qc7 12. Qe2 Nd7 13. Bb2 Rac8 14. Nd2 Bg5 15. Nf3 Be7 16. Nd2 Bg5 17. a4 Rfe8 18. a5 bxa5 19. Nc4 Ba6 20. Nxa5 c4 21. Bc2 e5 22. Ba4 exd4 23. Qg4 dxc3 24. Bxc3 Bf6 25. Qxd7 Qxd7 26. Bxd7 Bxc3 27. Ra4 Red8 28. Bxc8 Rxc8 29. Rc1 Bb2 30. Rcxc4 Bxc4 31. Nxc4 Bd4 32. Kf1 g6 33. Ke2 Rc7 34. f4 h5 35. e5 f6 36. Kd3 fxe5 37. fxe5 Bg1 38. h3 Kf7 39. Ke4 Ke7 40. g4 hxg4 41. hxg4 Rc6 42. Nb2 Rc2 43. Nd3 Re2+ 44. Kd5 Rd2 45. Ra3 Bb6 46. Rc3 Rd1 47. Ke4 Rg1 48. Kf4 Rf1+ 49. Kg5 Kf7 50. e6+ Kxe6 51. Rc6+ Kd5 52. Nb4+ Ke4 53. Re6+ Kd4 54. Kxg6 Rg1 55. g5 Kc4 56. Re4+ Kb3 57. Nc6 a5 58. Re5 Bc7 59. Re7 Bg3 60. Nxa5+ Kc3 61. Re4 Bf2 62. Nc6 Kd3 63. Ra4 Be3 64. Ne5+ Kc2 65. Nf3 Rg3 66. Nd4+ Kd3 67. Ne6 Ke2 68. Nf4+ Kf3 69. Kf5 Rg1 70. g6 Rb1 71. Ne6 Rg1 72. Rh4 Bc1 73. g7 1-0

[Event "Pardubice Czech op-A 23rd"]
[Site "Pardubice"]
[Date "2012.07.28"]
[Round "9"]
[White "Tjurin, Alexander P"]
[Black "Korotkjevich, Stanislav"]
[Result "1-0"]
[WhiteElo "2302"]
[BlackElo "2401"]
[PlyCount "75"]
[EventDate "2012.07.12"]
[EventType "swiss"]
[EventRounds "9"]
[EventCountry "CZE"]
[SourceTitle "CBM 149 Extra"]
[Source "ChessBase"]
[SourceDate "2012.08.24"]
[SourceVersion "1"]
[SourceVersionDate "2012.08.24"]
[SourceQuality "1"]

1. e4 g6 2. d4 Bg7 3. Nc3 c6 4. h3 d5 5. e5 Nh6 6. Nf3 0-0 7. Be2 f6 8. exf6 exf6 9. Bf4 Nd7 10. Qd2 Nf7 11. h4 Re8 12. 0-0-0 Nf8 13. Be3 Bg4 14. Ne1 Bxe2 15. Qxe2 Nd6 16. h5 Nc4 17. hxg6 hxg6 18. Qf3 Nxe3 19. fxe3 Qe7 20. Rd3 Ne6 21. Qg4 Qf7 22. Nf3 Re7 23. Qh4 Nf8 24. Nd1 Rae8 25. g4 Re4 26. Qh3 Qd7 27. Rg1 b6 28. Rd2 c5 29. Rh2 cxd4 30. Nxd4 Ne6 31. Qh7+ Kf7 32. Nxe6 Qxe6 33. Rh6 Rg8 34. Rxg6 Rc4 35. g5 Rxc2+ 36. Kb1 Rh2 37. Rxf6+ Qxf6 38. Qxg8+ 1-0

[Event "Pardubice Czech op-A 23rd"]
[Site "Pardubice"]
[Date "2012.07.27"]
[Round "8"]
[White "Korotkjevich, Stanislav"]
[Black "Kigel, Dmytro"]
[Result "0-1"]
[WhiteElo "2401"]
[BlackElo "2276"]
[PlyCount "120"]
[EventDate "2012.07.12"]
[EventType "swiss"]
[EventRounds "9"]
[EventCountry "CZE"]
[SourceTitle "CBM 149 Extra"]
[Source "ChessBase"]
[SourceDate "2012.08.24"]
[SourceVersion "1"]
[SourceVersionDate "2012.08.24"]
[SourceQuality "1"]

1. d4 Nf6 2. Nf3 e6 3. c4 b6 4. a3 Bb7 5. Nc3 g6 6. Qc2 Bg7 7. e4 0-0 8. Bg5 h6 9. Bh4 g5 10. Bg3 d5 11. e5 Ne4 12. cxd5 exd5 13. Bd3 Nxg3 14. hxg3 c5 15. 0-0-0 g4 16. Nh4 Nc6 17. dxc5 bxc5 18. e6 Qg5+ 19. Kb1 Nd4 20. exf7+ Rxf7 21. Qd2 Qxd2 22. Rxd2 c4 23. Bg6 Rff8 24. Re1 Nb3 25. Rde2 d4 26. Nd1 Rf6 27. Bf5 Nc5 28. Bxg4 Nd3 29. Re8+ Bf8 30. Rxa8 Nxe1 31. Re8 Nxg2 32. Be6+ Rxe6 33. Rxe6 Nxh4 34. gxh4 Kf7 35. Re1 Be7 36. b3 c3 37. Kc2 Bxh4 38. b4 Bf6 39. f3 Bxf3 40. Nf2 Kg6 41. a4 Kf5 42. Re8 Bc6 43. Rc8 Bxa4+ 44. Kd3 Bb5+ 45. Kc2 a6 46. Rc5+ Kf4 47. Rh5 Bg5 48. Rh3 Ke5 49. Nd3+ Kd5 50. Kb3 Bd7 51. Rh1 Bg4 52. Ra1 Be2 53. Nc5 Bd2 54. Ra5 Bd1+ 55. Ka2 Kc4 56. Nxa6 Bb3+ 57. Ka1 d3 58. Rc5+ Kd4 59. Nb8 Bd5 60. Na6 c2 0-1